[Event "SM-2012-0-00198"]
[Site "LSS email"]
[Date "2012.04.24"]
[Round "?"]
[White "Ulasevich, Sergei"]
[Black "Deghose, Max"]
[Result "1-0"]
[WhiteElo "2310"]
[BlackElo "2021"]
[PlyCount "65"]
[EventDate "2012.03.21"]
[EventType "tourn (corr)"]
[EventRounds "6"]
[EventCountry "GER"]
[SourceTitle "Telechess CBM 167"]
[Source "ChessBase"]
[SourceDate "2015.07.13"]
[SourceVersion "1"]
[SourceVersionDate "2015.07.13"]
[SourceQuality "1"]

1. e4 e5 2. Nf3 Nc6 3. Bb5 a6 4. Ba4 Nf6 5. 0-0 Be7 6. Re1 b5 7. Bb3 d6 8. c3 0-0 9. h3 Nb8 10. d4 Nbd7 11. Nbd2 Bb7 12. Bc2 c5 13. Nf1 cxd4 14. cxd4 exd4 15. Nxd4 Re8 16. Ng3 g6 17. a4 d5 18. axb5 Qb6 19. bxa6 Bc5 20. Be3 Rxa6 21. Rxa6 Qxa6 22. Nb3 Bd6 23. Qd2 Rc8 24. Ra1 Qc4 25. Nd4 dxe4 26. Ra7 Bxg3 27. fxg3 Qc7 28. Bb3 Ra8 29. Rxa8+ Bxa8 30. Ne2 Bc6 31. Ba2 Qb8 32. Kh2 Bb5 33. Nd4 1-0

[Event "ZH-2012-0-00759"]
[Site "LSS email"]
[Date "2012.04.23"]
[Round "?"]
[White "Deghose, Max"]
[Black "Sorcinelli, Andrea"]
[Result "1/2-1/2"]
[WhiteElo "2155"]
[BlackElo "2124"]
[PlyCount "87"]
[EventDate "2012.04.16"]
[EventType "match (corr)"]
[EventRounds "2"]
[EventCountry "GER"]
[SourceTitle "Telechess CBM 155"]
[Source "ChessBase"]
[SourceDate "2013.07.16"]
[SourceVersion "1"]
[SourceVersionDate "2013.07.16"]
[SourceQuality "1"]

1. d4 d5 2. c4 c6 3. Nf3 Nf6 4. Nc3 dxc4 5. a4 Bf5 6. Ne5 Nbd7 7. Nxc4 Nb6 8. Ne5 a5 9. g3 e6 10. Bg2 Bb4 11. 0-0 0-0 12. e3 h6 13. Qe2 Bh7 14. Rd1 Nfd7 15. Nd3 Qe7 16. e4 e5 17. dxe5 Nxe5 18. Nxe5 Qxe5 19. Be3 Bc5 20. Rac1 Bxe3 21. Qxe3 Nc4 22. Qd4 Qxd4 23. Rxd4 Nb6 24. Rcd1 Rac8 25. b4 c5 26. bxc5 Rxc5 27. Rb1 Rxc3 28. Rxb6 Re8 29. h4 Rc1+ 30. Kh2 Rc2 31. f3 Bf5 32. Rxb7 Be6 33. g4 Rec8 34. Ra7 Re2 35. Kg3 Rc3 36. Rxa5 Kh7 37. Ra8 Bxg4 38. a5 Bh5 39. a6 Ra3 40. a7 Ree3 41. Kf4 Re2 42. Kg3 Ree3 43. Re8 Rxa7 44. Rd5 1/2-1/2

[Event "RA-2012-0-00194"]
[Site "LSS email"]
[Date "2012.03.11"]
[Round "?"]
[White "Dehaybe, Andre"]
[Black "Deghose, Max"]
[Result "1/2-1/2"]
[WhiteElo "2101"]
[BlackElo "2155"]
[PlyCount "87"]
[EventDate "2012.02.19"]
[EventType "tourn (corr)"]
[EventRounds "6"]
[EventCountry "GER"]
[SourceTitle "Telechess CBM 155"]
[Source "ChessBase"]
[SourceDate "2013.07.16"]
[SourceVersion "1"]
[SourceVersionDate "2013.07.16"]
[SourceQuality "1"]

1. d4 d5 2. c4 c6 3. Nc3 Nf6 4. e3 e6 5. Nf3 Nbd7 6. a3 Bd6 7. Bd3 0-0 8. 0-0 e5 9. cxd5 cxd5 10. e4 dxe4 11. Bxe4 Nxe4 12. Nxe4 Bb8 13. Bg5 f6 14. Be3 Qe7 15. dxe5 Nxe5 16. Bc5 Nxf3+ 17. Qxf3 Qe5 18. g3 Bf5 19. Nd6 Be6 20. Rae1 Qxc5 21. Rxe6 Bxd6 22. b4 Qc7 23. Qd5 Qf7 24. Rxd6 Qxd5 25. Rxd5 Rad8 26. Ra5 a6 27. Rc5 h6 28. Re1 Rc8 29. Rxc8 Rxc8 30. Re7 Rc3 31. a4 b6 32. Re6 Ra3 33. Rxb6 Rxa4 34. Rb7 Kh7 35. h3 a5 36. bxa5 Rxa5 37. Kh2 Ra2 38. Kg2 h5 39. g4 Ra5 40. gxh5 Rg5+ 41. Kf3 Rxh5 42. Kg4 Rc5 43. h4 Kh6 44. Rb6 1/2-1/2

[Event "SM-2012-0-00189"]
[Site "LSS email"]
[Date "2012.02.10"]
[Round "?"]
[White "Nemec, Zdenek"]
[Black "Deghose, Max"]
[Result "1/2-1/2"]
[WhiteElo "2245"]
[BlackElo "2117"]
[PlyCount "79"]
[EventDate "2012.01.05"]
[EventType "tourn (corr)"]
[EventRounds "6"]
[EventCountry "GER"]
[SourceTitle "Corr 2015"]
[Source "ChessBase"]
[SourceDate "2015.07.17"]
[SourceVersion "1"]
[SourceVersionDate "2015.07.17"]
[SourceQuality "1"]

1. b4 e5 2. Bb2 Nf6 3. b5 a6 4. a4 d6 5. e3 Be7 6. h3 0-0 7. c4 Nbd7 8. Nf3 e4 9. Nd4 Ne5 10. Qc2 c5 11. Nb3 Bf5 12. Bxe5 dxe5 13. Nc3 h5 14. a5 h4 15. Na4 Rc8 16. Be2 Qd6 17. 0-0 Rfd8 18. Nb6 Rb8 19. Rfb1 Bf8 20. Na4 Nd7 21. Kh2 Ra8 22. Nc1 Ra7 23. bxa6 Qxa6 24. Rb5 Qc6 25. Rab1 Rda8 26. Nc3 Nf6 27. Nb3 Bd7 28. Rf1 Ra6 29. Na4 Qc7 30. Nb6 Rd8 31. Nxd7 Rxd7 32. Kg1 Qc6 33. Qb2 Qc7 34. Rb1 Bd6 35. Bd1 Be7 36. Bc2 Bf8 37. Qc3 Rd8 38. Nc1 Ra7 39. Ne2 Rd7 40. Rb6 1/2-1/2

[Event "SM-2012-0-00189"]
[Site "LSS email"]
[Date "2012.02.09"]
[Round "?"]
[White "Deghose, Max"]
[Black "Woelfelschneider, Peter"]
[Result "0-1"]
[WhiteElo "2117"]
[BlackElo "2203"]
[PlyCount "52"]
[EventDate "2012.01.05"]
[EventType "tourn (corr)"]
[EventRounds "6"]
[EventCountry "GER"]
[SourceTitle "Corr 2015"]
[Source "ChessBase"]
[SourceDate "2015.07.17"]
[SourceVersion "1"]
[SourceVersionDate "2015.07.17"]
[SourceQuality "1"]

1. d4 Nf6 2. a3 d5 3. Nf3 c5 4. dxc5 e6 5. Be3 Nc6 6. b4 Be7 7. Nc3 0-0 8. Rb1 h6 9. Bf4 d4 10. Nb5 Nd5 11. Qd2 Nxf4 12. Qxf4 a5 13. e3 axb4 14. axb4 Nxb4 15. Rxb4 Ra1+ 16. Ke2 Qa5 17. Rb3 b6 18. Nfxd4 Bg5 19. Qe4 bxc5 20. Nf3 Be7 21. Nd2 c4 22. Qxc4 Ba6 23. Nb1 Rc8 24. Qd3 Rd8 25. Qc4 Rd5 26. N1c3 Rc5 0-1

[Event "RM-2011-0-00088"]
[Site "LSS email"]
[Date "2012.02.08"]
[Round "?"]
[White "Deghose, Max"]
[Black "Szabo, Mihaly"]
[Result "1-0"]
[WhiteElo "2155"]
[BlackElo "2222"]
[PlyCount "123"]
[EventDate "2011.12.02"]
[EventType "tourn (corr)"]
[EventRounds "6"]
[EventCountry "GER"]
[SourceTitle "Telechess CBM 155"]
[Source "ChessBase"]
[SourceDate "2013.07.16"]
[SourceVersion "1"]
[SourceVersionDate "2013.07.16"]
[SourceQuality "1"]

1. d4 Nf6 2. Bg5 Ne4 3. Bf4 c5 4. f3 Qa5+ 5. c3 Nf6 6. e4 cxd4 7. Qxd4 Nc6 8. Qd2 e5 9. Bg5 Qd8 10. Qc2 Be7 11. Na3 0-0 12. Rd1 a6 13. Be3 d5 14. exd5 Nxd5 15. Nc4 Be6 16. Bb6 Qe8 17. Bf2 Rd8 18. Qb1 f5 19. Nb6 Qf7 20. Nxd5 Bxd5 21. b3 e4 22. Be2 Ne5 23. h4 Qe6 24. Kf1 Ng4 25. Nh3 Nh2+ 26. Rxh2 Qe5 27. Rh1 Qxc3 28. Rxd5 Rxd5 29. Bc4 Qe5 30. f4 Qd6 31. Qd1 Rd8 32. Bxd5+ Qxd5 33. Qxd5+ Rxd5 34. Ke2 h6 35. Rd1 Rxd1 36. Kxd1 Kf7 37. Be1 g6 38. Ke2 Bc5 39. Nf2 Ke6 40. Nd1 Be7 41. g3 Bd8 42. Bc3 b5 43. Ne3 h5 44. Nc2 Kd6 45. Nb4 a5 46. Nc2 Kc5 47. Nd4 Be7 48. Bb2 Kb6 49. Ne6 Kc6 50. Bg7 Kd5 51. Nf8 Bc5 52. Nxg6 Bb6 53. a4 bxa4 54. bxa4 Bd8 55. Bh8 Bb6 56. Nf8 Kc4 57. Nd7 Bg1 58. Nf6 Bd4 59. Bg7 Bxf6 60. Bxf6 Kb3 61. Bd4 Kxa4 62. g4 1-0

[Event "SM-2011-0-00185"]
[Site "LSS email"]
[Date "2012.01.06"]
[Round "?"]
[White "Almeida, Ramiro da Costa"]
[Black "Deghose, Max"]
[Result "1-0"]
[WhiteElo "2212"]
[BlackElo "2020"]
[PlyCount "35"]
[EventDate "2011.12.11"]
[EventType "tourn (corr)"]
[EventRounds "6"]
[EventCountry "GER"]
[SourceTitle "Corr 2015"]
[Source "ChessBase"]
[SourceDate "2015.07.17"]
[SourceVersion "1"]
[SourceVersionDate "2015.07.17"]
[SourceQuality "1"]

1. d4 e6 2. c4 Nf6 3. Nf3 d5 4. Nc3 dxc4 5. e4 Bb4 6. Bg5 c5 7. Bxc4 cxd4 8. Nxd4 0-0 9. 0-0 h6 10. Bf4 Bxc3 11. bxc3 Nxe4 12. Qd3 Nf6 13. Rad1 Kh8 14. Rfe1 Bd7 15. Qf3 Qc8 16. Bxh6 Nh7 17. Bxg7+ Kxg7 18. Bd3 1-0

[Event "SM-2011-0-00185"]
[Site "LSS email"]
[Date "2012.01.06"]
[Round "?"]
[White "Deghose, Max"]
[Black "Depasse, Jean Marc"]
[Result "0-1"]
[WhiteElo "2020"]
[BlackElo "2252"]
[PlyCount "90"]
[EventDate "2011.12.11"]
[EventType "tourn (corr)"]
[EventRounds "6"]
[EventCountry "GER"]
[SourceTitle "Telechess CBM 165"]
[Source "ChessBase"]
[SourceDate "2015.03.11"]
[SourceVersion "1"]
[SourceVersionDate "2015.03.11"]
[SourceQuality "1"]

1. e4 e6 2. d4 d5 3. Nc3 Nf6 4. Bg5 Bb4 5. exd5 Qxd5 6. Bxf6 Bxc3+ 7. bxc3 gxf6 8. Qd2 e5 9. Qh6 Qc6 10. Ne2 Nd7 11. Qg7 Rf8 12. f3 Nb6 13. dxe5 Nd5 14. Qxh7 Be6 15. Rd1 0-0-0 16. Qe4 Qb6 17. exf6 Rd6 18. h4 Re8 19. h5 Bd7 20. Rxd5 Rxe4 21. fxe4 Rxf6 22. Kd2 Bg4 23. Rh4 c6 24. Rd3 Rxf1 25. Rxg4 Qb1 26. Ke3 Qe1 27. c4 Kc7 28. Rd2 f5 29. exf5 Kb6 30. Kd3 Rxf5 31. Ng3 Re5 32. Ne4 Qf1+ 33. Re2 Rxh5 34. Rg3 Qd1+ 35. Rd2 Qb1 36. c5+ Ka6 37. Rf3 Re5 38. Rff2 b5 39. cxb6 axb6 40. Rde2 Qb4 41. c4 Qb1+ 42. Rc2 Re7 43. Rfe2 Rd7+ 44. Ke3 c5 45. Kf2 Rf7+ 0-1

[Event "RM-2011-0-00085"]
[Site "LSS email"]
[Date "2011.12.13"]
[Round "?"]
[White "Deghose, Max"]
[Black "Boehme, Sebastian"]
[Result "1/2-1/2"]
[WhiteElo "2116"]
[BlackElo "2308"]
[PlyCount "86"]
[EventDate "2011.11.04"]
[EventType "tourn (corr)"]
[EventRounds "6"]
[EventCountry "GER"]
[SourceTitle "Telechess CBM 153"]
[Source "ChessBase"]
[SourceDate "2013.03.14"]
[SourceVersion "1"]
[SourceVersionDate "2013.03.14"]
[SourceQuality "1"]

1. d4 Nf6 2. c4 g6 3. Nc3 d5 4. cxd5 Nxd5 5. e4 Nxc3 6. bxc3 Bg7 7. Be3 c5 8. Rc1 Qa5 9. Qd2 0-0 10. Nf3 Bg4 11. d5 Na6 12. h4 h5 13. Nh2 Bd7 14. Bh6 Rad8 15. Bxg7 Kxg7 16. Be2 e6 17. d6 e5 18. g4 c4 19. gxh5 Nc5 20. Qe3 Ne6 21. hxg6 Nf4 22. Rg1 fxg6 23. Nf3 Bh3 24. Bxc4 Rxd6 25. h5 Rh8 26. Rb1 b6 27. Rb5 Qa4 28. Rd5 Rxd5 29. exd5 Rxh5 30. Nxe5 Ng2+ 31. Rxg2 Bxg2 32. Kd2 Qa3 33. Nd3 Qd6 34. Nf4 Rh4 35. Ne6+ Kf7 36. f4 Bxd5 37. Ng5+ Kf8 38. Qd4 Qxf4+ 39. Qxf4+ Rxf4 40. Bxd5 Rf5 41. Ne6+ Ke7 42. Bb3 Kf6 43. Nd4 Rh5 1/2-1/2

[Event "RM-2011-0-00085"]
[Site "LSS email"]
[Date "2011.12.13"]
[Round "?"]
[White "Deghose, Max"]
[Black "Mueller Alves, Martin"]
[Result "1/2-1/2"]
[WhiteElo "2116"]
[BlackElo "2325"]
[PlyCount "68"]
[EventDate "2011.11.04"]
[EventType "tourn (corr)"]
[EventRounds "6"]
[EventCountry "GER"]
[SourceTitle "Telechess CBM 153"]
[Source "ChessBase"]
[SourceDate "2013.03.14"]
[SourceVersion "1"]
[SourceVersionDate "2013.03.14"]
[SourceQuality "1"]

1. d4 Nf6 2. c4 e6 3. Nf3 d5 4. Nc3 c6 5. e3 Nbd7 6. Bd3 dxc4 7. Bxc4 b5 8. Bd3 Bb7 9. a3 Bd6 10. 0-0 0-0 11. Ng5 h6 12. Nge4 Be7 13. Nxf6+ Nxf6 14. Qe2 Qb8 15. e4 c5 16. dxc5 Bxc5 17. e5 Nd7 18. Bf4 Bd4 19. Rfe1 a6 20. Rad1 Rd8 21. Bb1 Bxc3 22. bxc3 Nf8 23. Qg4 Rxd1 24. Rxd1 Qc7 25. Bxh6 Qxe5 26. Be3 f5 27. Qd4 Qxd4 28. Rxd4 Rc8 29. Bd2 Rc5 30. f3 Bd5 31. a4 Nd7 32. axb5 axb5 33. Be1 Kf7 34. Bc2 Ne5 1/2-1/2

[Event "RM-2011-0-00081"]
[Site "LSS email"]
[Date "2011.11.06"]
[Round "?"]
[White "Sigurdsson, Johann Helgi"]
[Black "Deghose, Max"]
[Result "1-0"]
[WhiteElo "2219"]
[BlackElo "2217"]
[PlyCount "97"]
[EventDate "2011.07.20"]
[EventType "tourn (corr)"]
[EventRounds "6"]
[EventCountry "GER"]
[SourceTitle "Telechess CBM 149"]
[Source "ChessBase"]
[SourceDate "2012.07.17"]
[SourceVersion "1"]
[SourceVersionDate "2012.07.17"]
[SourceQuality "1"]

1. c4 e5 2. g3 Nc6 3. Nc3 Bc5 4. Bg2 d6 5. e3 a6 6. Nge2 Ba7 7. 0-0 Nf6 8. d4 0-0 9. h3 Re8 10. b3 h6 11. d5 Ne7 12. Kh2 Bf5 13. e4 Bh7 14. Qd3 c6 15. dxc6 Nxc6 16. Be3 Nb4 17. Qd2 Bc5 18. a3 Bxe3 19. fxe3 Nc6 20. g4 Rc8 21. Ng3 Bg6 22. Rad1 Na5 23. Rb1 Nc6 24. Qd3 Ne7 25. Rxf6 gxf6 26. Nf5 b5 27. Rd1 bxc4 28. bxc4 Rb8 29. Nxh6+ Kf8 30. Qf1 Nc8 31. c5 Rb2 32. Qd3 Kg7 33. Nf5+ Bxf5 34. exf5 Qc7 35. e4 Rb3 36. Qc2 Rb7 37. Qd2 Qxc5 38. g5 Nb6 39. gxf6+ Kxf6 40. Rb1 Ke7 41. Nd5+ Nxd5 42. Rxb7+ Nc7 43. Qg5+ Kd7 44. Qg7 Kc6 45. Rb1 Qc4 46. a4 Qc2 47. Rf1 Qc4 48. h4 Rb8 49. h5 1-0

[Event "RM-2011-0-00081"]
[Site "LSS email"]
[Date "2011.11.06"]
[Round "?"]
[White "Szabo, Mihaly"]
[Black "Deghose, Max"]
[Result "1-0"]
[WhiteElo "2215"]
[BlackElo "2217"]
[PlyCount "109"]
[EventDate "2011.07.20"]
[EventType "tourn (corr)"]
[EventRounds "6"]
[EventCountry "GER"]
[SourceTitle "Telechess CBM 149"]
[Source "ChessBase"]
[SourceDate "2012.07.17"]
[SourceVersion "1"]
[SourceVersionDate "2012.07.17"]
[SourceQuality "1"]

1. d4 d5 2. c4 Nf6 3. cxd5 c6 4. dxc6 Nxc6 5. Nf3 e5 6. Nxe5 Nxe5 7. dxe5 Qxd1+ 8. Kxd1 Ng4 9. Ke1 Bc5 10. e3 Nxe5 11. Bd2 0-0 12. Bc3 Re8 13. Nd2 Bf5 14. Nb3 Bb6 15. Be2 Rac8 16. h4 h6 17. h5 a6 18. Rh4 Bd8 19. Rd4 Bf6 20. Rc1 Re7 21. Rdd1 Rec7 22. Bd4 Bc2 23. Rd2 Bxb3 24. Rxc7 Rxc7 25. axb3 Kf8 26. Bc3 Nd7 27. Bb4+ Be7 28. Ba5 b6 29. Bc3 a5 30. Bd1 Bf6 31. Bxf6 Nxf6 32. b4 Ke7 33. Rd4 Rc6 34. Kd2 Re6 35. Rc4 Rd6+ 36. Ke1 Rd7 37. bxa5 bxa5 38. Bf3 Rd3 39. Rc7+ Rd7 40. Rc4 Rd8 41. b3 Rb8 42. Rc7+ Kf8 43. Bd1 Rb5 44. g4 g5 45. hxg6 fxg6 46. Kf1 Ne4 47. Rc6 g5 48. Rxh6 Nd2+ 49. Kg2 Nxb3 50. Bxb3 Rxb3 51. Rf6+ Kg7 52. Rf5 Kg6 53. Rxa5 Rb4 54. Kf3 Rb1 55. Ra4 1-0

[Event "CP-2011-P-00043"]
[Site "LSS email"]
[Date "2011.09.30"]
[Round "?"]
[White "Bontems, Cyrille"]
[Black "Deghose, Max"]
[Result "1/2-1/2"]
[WhiteElo "1616"]
[BlackElo "2116"]
[PlyCount "28"]
[EventDate "2011.10.01"]
[EventType "tourn (corr)"]
[EventRounds "6"]
[EventCountry "GER"]
[SourceTitle "Corr 2015"]
[Source "ChessBase"]
[SourceDate "2015.07.17"]
[SourceVersion "1"]
[SourceVersionDate "2015.07.17"]
[SourceQuality "1"]

1. d4 e6 2. e4 d5 3. Nc3 Nf6 4. e5 Nfd7 5. f4 c5 6. Nf3 Nc6 7. Be3 Be7 8. Be2 0-0 9. Qd2 a6 10. 0-0 b5 11. a3 Bb7 12. Nd1 Qc7 13. c3 cxd4 14. Nxd4 Na5 1/2-1/2